Taras bulba : rapsodia per orchestra : (1915-1918) /

Bibliographic Details
Main Author: Janáček, Leoš, 1854-1928
Format: Musical Score Book
Published: Praha : Editio Supraphon, 1980.
Edition:Edizione secondo il complesso critico.
Subjects:

MARC

Tag First Indicator Second Indicator Subfields
LEADER 00000ccm a2200000 a 4500
001 in00001403879
005 20151020053209.0
008 820708s1980 cs zza i n N/A d
028 2 2 |a H 3616/p  |b Editio Supraphon 
035 |a (OCoLC)08582007 
035 |9 AHM7365AM 
040 |a VPI  |c VPI  |d TXA  |d UtOrBLW 
041 0 |g cze  |g ger  |g eng  |g fre 
049 |a TXAM 
090 |a M1045.J18  |b T3 1980 
100 1 |a Janáček, Leoš,  |d 1854-1928. 
240 1 0 |a Taras Bulba 
245 1 0 |a Taras bulba :  |b rapsodia per orchestra : (1915-1918) /  |c Leoš Janáček. 
250 |a Edizione secondo il complesso critico. 
264 1 |a Praha :  |b Editio Supraphon,  |c 1980. 
300 |a 1 score (viii, 98 pages) ;  |c 34 cm. 
336 |a notated music  |b ntm  |2 rdacontent 
337 |a unmediated  |b n  |2 rdamedia 
338 |a volume  |b nc  |2 rdacarrier 
650 0 |a Orchestral music. 
999 |a MARS 
999 f f |s 542d9d42-a612-308e-9b21-5806526bb6b0  |i 325377a3-4d80-3079-88b0-e9f388f73080  |t 0 
952 f f |p ric  |a Texas A&M University  |b Rellis Campus  |c Joint Library Facility  |d Remote Storage  |t 0  |e M1045.J18 T3 1980  |h Library of Congress classification  |i unmediated -- volume  |m A14822059412 
998 f f |a M1045.J18 T3 1980  |t 0  |l Remote Storage